000
00240nam a22001097a 4500
999
_c
167088
_d
167088
082
_a
_b
100
_a
Rajesh Sharma
245
_a
Aahe adure sameeksha/
_c
by Rajesh Sharma.
260
_a
New Delhi:
_b
Ashok,
_c
650
_a
942
_c
BK